000 00563nam a22002057a 4500
999 _c14428
_d14428
003 MIRAKIL
005 20210617170708.0
008 210617b tu ||||| |||| 00| 0 tur d
020 _a9786057017826
040 _aTR-AnCHP
_cTR-AnCHP
041 _aTur
082 _a813.42
_bS26ş 2021
100 _aSarıoğlu, Özge
245 _aŞişenin dibi/
_cÖzge Sarıoğlu.
260 _aİstanbul:
_bİlksatır Yayınevi,
_c2021.
300 _a97 s.:
_c21 sm.
490 0 _aİlksatır Yayınevi;
_v11.
650 0 _919
_aTürk edebiyatı
_xÖykü
942 _2ddc
_cBKS